Devinez la Capitale Mystère #32 - Statistiques

Statistiques générales
  • Ce quiz a été pris 214 fois
  • Le résultat moyen est 25 sur 32
Statistiques - réponses
Type de Réponse Réponse % Correct
Lettre Trouvée A
100%
Lettre de l'Alphabet I
100%
Lettre Bien Placée A
99%
Lettre de l'Alphabet R
99%
Lettre de l'Alphabet S
99%
Lettre de l'Alphabet P
98%
Lettre de l'Alphabet E
94%
Lettre de l'Alphabet L
94%
Lettre de l'Alphabet N
94%
Lettre de l'Alphabet O
94%
Lettre de l'Alphabet B
91%
Lettre Trouvée D
90%
Lettre de l'Alphabet M
90%
Lettre de l'Alphabet T
89%
Lettre Trouvée U
89%
Lettre de l'Alphabet K
85%
Lettre de l'Alphabet G
82%
Lettre de l'Alphabet C
80%
Lettre de l'Alphabet H
78%
Lettre Bien Placée D
74%
Lettre de l'Alphabet W
72%
Lettre de l'Alphabet Y
68%
Lettre Trouvée V
58%
Lettre de l'Alphabet X
57%
Lettre de l'Alphabet F
56%
Lettre de l'Alphabet J
56%
Lettre Bien Placée U
53%
Lettre Trouvée Z
52%
Lettre de l'Alphabet Q
51%
Lettre Bien Placée V
51%
Capitale Mystère Vaduz
47%
Lettre Bien Placée Z
47%
Aucun quiz correspondant
Distribution des résultats
% des personnes avec chaque résultat
Percentile par nombre de réponses
Votre historique - résultats
Vous n’avez pas pris ce quiz